00358nam a2200133 a 45000010010000000030011000100080041000210350026000620820012000881000019001002450044001192600047001636500014002100000-8598ELIB.Books110520 1944  a(ELIB.Books)0000-8744 aR bDav aDavis, John D. aThe Westminster Dictionary of the Bible bPhiladelphia: The Westminster Press c1944 aReference